000 00494nam a2200181Ia 4500
005 20250326144132.0
008 250326s9999 xx 000 0 und d
037 _aTextbook
040 _aFMSL
_beng
_cFMSL
041 _aeng
_2eng
084 _aX:8D M1
_qFMSL
100 _aSolomon L M
_9749109
245 0 _aFicial accounting
_cSolomon L M; Vargo R J And Others
260 _aNY
_bNY, Harper & Row
_c1981
300 _a750p
942 _cTB
_hX:8D M1
999 _c1302504
_d1302504